000 01051nam a2200337 4500
001 35514
010 _a9789896876753
021 _aPT
_b498931/22
090 _a35514
100 _a20220801d2022 m y0pory50030103ba
101 1 _apor
102 _aPT
200 1 _aZoobiquidade
_eo que os animais nos podem ensinar sobre sermos humanos
_fBarbara Natterson-Horowitz, Kathryn Bowers
_gtrad. João Silveira
205 _a1ª ed
210 9 _aLisboa
_cPergaminho,
_d2022
215 _a341, [3]
_d24 cm
304 _aTít. orig.: Zoobiquity
606 _9810
_aDoenças dos animais
606 _96119
_aPatologia veterinária
606 _93346
_aPsicologia comparada
675 _a159.929
675 _a636.8.09
675 _a619.9
675 _a591.5
700 _aNatterson-Horowitz
_bBarbara
_96120
701 _aBowers
_bKathryn
_4070
_96121
702 _96122
_aSilveira
_bJoão
_4730
801 0 _aPT
_bBN
_gRPC
856 4 1 _uhttp://rnod.bnportugal.gov.pt/ImagesBN/winlibimg.aspx?skey=&doc=2106531&img=167388&save=true
990 _cLIVROS
994 _aCOMP